MARC details
| 000 -LEADER |
| fixed length control field |
03090cgm a2200553Ia 4500 |
| 001 - CONTROL NUMBER |
| control field |
ocn607371116 |
| 003 - CONTROL NUMBER IDENTIFIER |
| control field |
OCoLC |
| 005 - DATE AND TIME OF LATEST TRANSACTION |
| control field |
20200320192715.0 |
| 007 - PHYSICAL DESCRIPTION FIXED FIELD--GENERAL INFORMATION |
| fixed length control field |
vd cvaizu |
| 008 - FIXED-LENGTH DATA ELEMENTS--GENERAL INFORMATION |
| fixed length control field |
100415p20102009xx 120 vleng d |
| 020 ## - INTERNATIONAL STANDARD BOOK NUMBER |
| Terms of availability |
15.95 |
| 024 1# - OTHER STANDARD IDENTIFIER |
| Standard number or code |
886976577391 |
| 028 42 - PUBLISHER NUMBER |
| Publisher number |
88697 65773 9 |
| Source |
Columbia Records |
| 029 1# - (OCLC) |
| OCLC library identifier |
NZ1 |
| System control number |
13319309 |
| 035 ## - SYSTEM CONTROL NUMBER |
| System control number |
(OCoLC)607371116 |
| 040 ## - CATALOGING SOURCE |
| Original cataloging agency |
NAB |
| Language of cataloging |
eng |
| Transcribing agency |
NAB |
| Modifying agency |
YVO |
| -- |
QQ3 |
| -- |
OCLCA |
| -- |
OCLCQ |
| -- |
OCLCA |
| -- |
OCLCF |
| -- |
OCLCO |
| -- |
OCLCA |
| -- |
WACOL |
| 049 ## - LOCAL HOLDINGS (OCLC) |
| Holding library |
WACL |
| 050 14 - LIBRARY OF CONGRESS CALL NUMBER |
| Classification number |
PN1969.C65 |
| Item number |
R635 2010 |
| 082 04 - DEWEY DECIMAL CLASSIFICATION NUMBER |
| Classification number |
792.76 |
| Edition number |
22 |
| 092 ## - LOCALLY ASSIGNED DEWEY CALL NUMBER (OCLC) |
| Classification number |
DVD 792.76 |
| Item number |
Wea |
| 100 1# - MAIN ENTRY--PERSONAL NAME |
| Personal name |
Williams, Robin, |
| Dates associated with a name |
1951-2014. |
| 9 (RLIN) |
5732437 |
| 245 10 - TITLE STATEMENT |
| Title |
Weapons of self destruction |
| Medium |
[videorecording] / |
| Statement of responsibility, etc |
Columbia Music Video ; HBO Entertainment ; Robin Williams. |
| 246 3# - VARYING FORM OF TITLE |
| Title proper/short title |
Robin Williams, weapons of self destruction |
| 250 ## - EDITION STATEMENT |
| Edition statement |
Full screen. |
| 260 ## - PUBLICATION, DISTRIBUTION, ETC. (IMPRINT) |
| Place of publication, distribution, etc |
[S.l.] : |
| Name of publisher, distributor, etc |
Columbia Records, |
| Date of publication, distribution, etc |
p2010. |
| 300 ## - PHYSICAL DESCRIPTION |
| Extent |
1 videodisc (ca. 120 min.) : |
| Other physical details |
sd., col. ; |
| Dimensions |
4 3/4 in. |
| 511 0# - PARTICIPANT OR PERFORMER NOTE |
| Participant or performer note |
Robin Williams. |
| 508 ## - CREATION/PRODUCTION CREDITS NOTE |
| Creation/production credits note |
Producer/director, Marty Callner ; writer, Robin Williams. |
| 500 ## - GENERAL NOTE |
| General note |
Originally produced for television in 2009. |
| 518 ## - DATE/TIME AND PLACE OF AN EVENT NOTE |
| Date/time and place of an event note |
Videotaped live at DAR Constitution Hall, Washington, D.C. |
| 500 ## - GENERAL NOTE |
| General note |
"TV MA"--Container. |
| 500 ## - GENERAL NOTE |
| General note |
Program notes inserted. |
| 538 ## - SYSTEM DETAILS NOTE |
| System details note |
DVD. |
| 520 ## - SUMMARY, ETC. |
| Summary, etc |
In his first comedy special in seven years, Robin Williams covers such topics as global warming, sex and politics, the state of health care in the country, drugs and more personal topics, including his recent heart surgery. |
| 505 0# - FORMATTED CONTENTS NOTE |
| Formatted contents note |
What's up DC?!? Chicago/Rio Olympics -- Fires weed and the weather -- Hybrids and animals -- Healthcare and heart surgery -- Bush, Cheney, and the Obamas -- Sarah Palin, the Clintons, and Jack Arnold, the economy and alternative fuels -- Technology -- The Summer Olympics and athletics -- Drugs, alcoholism and more drugs -- Religion and marriage -- Intelligent design -- Porn -- A touching triubute -- Bonus feature. Past show highlights. Off the wall (1978) ; An evening with Robin Williams (1982) ; An evening at The Met (1986) ; Live on Broadway (2002) -- Bonus feature. Local highlights. Albany, New York/Austin, Texas ; Detroit, Michigan/Greenville, Sout Carolina ; Washington, D.C./Houston, Texas ; Montreal, Canada/Ottawa, Canada ; Upper Darby, Pennsylvania/Portland, Oregon ; Richmond, Virginia/Seattle, Washington ; Vancouver, Canada/Tulsa, Oklahoma. |
| 500 ## - GENERAL NOTE |
| General note |
Special features: scene selection. |
| 650 #0 - SUBJECT ADDED ENTRY--TOPICAL TERM |
| Topical term or geographic name as entry element |
Stand-up comedy. |
| 9 (RLIN) |
5890749 |
| 650 #7 - SUBJECT ADDED ENTRY--TOPICAL TERM |
| Topical term or geographic name as entry element |
Stand-up comedy. |
| Source of heading or term |
fast |
| -- |
(OCoLC)fst01131440 |
| 9 (RLIN) |
5890749 |
| 655 #7 - INDEX TERM--GENRE/FORM |
| Genre/form data or focus term |
Television specials. |
| Source of term |
lcgft |
| 9 (RLIN) |
5723094 |
| 655 #7 - INDEX TERM--GENRE/FORM |
| Genre/form data or focus term |
Television comedies. |
| Source of term |
lcgft |
| 9 (RLIN) |
5674005 |
| 700 1# - ADDED ENTRY--PERSONAL NAME |
| Personal name |
Callner, Marty. |
| 9 (RLIN) |
74229 |
| 710 2# - ADDED ENTRY--CORPORATE NAME |
| Corporate name or jurisdiction name as entry element |
Columbia Music Video (Firm) |
| 9 (RLIN) |
68591 |
| 710 2# - ADDED ENTRY--CORPORATE NAME |
| Corporate name or jurisdiction name as entry element |
HBO Entertainment (Firm) |
| 9 (RLIN) |
5731966 |
| 710 2# - ADDED ENTRY--CORPORATE NAME |
| Corporate name or jurisdiction name as entry element |
Columbia Records, Inc. |
| 9 (RLIN) |
5890750 |
| 942 ## - ADDED ENTRY ELEMENTS (KOHA) |
| Koha item type |
DVD |
| 948 ## - LOCAL PROCESSING INFORMATION (OCLC); SERIES PART DESIGNATOR (RLIN) |
| Series part designator, SPT (RLIN) |
08/22/2014 |
| b (OCLC) |
08/22/2014 |
| z (OCLC) |
Sirsi |
| 994 ## - |
| -- |
02 |
| -- |
WACOL |
| 996 ## - |
| -- |
111487 |
| -- |
34301001380783 |
| -- |
DVD |
| -- |
DVD |
| -- |
wcl |
| -- |
i |
| -- |
21 |
| -- |
15.95 |
| -- |
gift |
| -- |
792.76 Wea |
| -- |
08/22/2014 |
| -- |
07/31/2019 |
| -- |
07/23/2019 |